Abenteuer eines irakers in Brasilien

Elmentve itt :
Bibliográfiai részletek
Szerző: Hazai György
További közreműködők: Ormos István
Dokumentumtípus: Cikk
Megjelent: 1983
Sorozat:Acta Orientalia Academiae Scientiarum Hungaricae
Tárgyszavak:
Online Access:http://misc.bibl.u-szeged.hu/68174
LEADER 00783nab a2200241 i 4500
001 misc68174
005 20230214111155.0
008 220413s1983 hu o 0|| ger d
040 |a SZTE Miscellanea Repozitórium  |b hun 
041 |a ger 
041 |a ara 
100 1 |a Hazai György 
245 1 0 |a Abenteuer eines irakers in Brasilien  |h [elektronikus dokumentum] /  |c  Hazai György 
260 |c 1983 
300 |a 215-226  |c 24 cm 
490 0 |a Acta Orientalia Academiae Scientiarum Hungaricae 
561 |a Németh Gyula hagyaték 
591 |a OZ 2276 
650 4 |a Bölcsészettudományok 
650 4 |a Történettudomány és régészet 
650 4 |a Nyelvek és irodalom 
700 0 1 |a Ormos István 
856 4 0 |u http://misc.bibl.u-szeged.hu/68174/1/2276_oa_h46.pdf  |z Dokumentum-elérés